Slovensko-nemecký frazeologický slovník

Enregistré dans:
Détails bibliographiques
Auteur principal: Čierna, Mária
Autres auteurs: Juríková, Marta, Ondrčková, Eva
Format: Livre
Langue:allemand
slovaque
Publié: Bratislava Slovenské pedagogické nakladateľstvo 1995
Édition:1. vyd.
Sujets:
Tags: Ajouter un tag
Pas de tags, Soyez le premier à ajouter un tag!

MARC

LEADER 00000nam a2200000 4500
001 c011995
005 20221214071810.7
020 |a 80-08-00309-X 
041 0 |a ger 
041 0 |a slo 
044 |a SK 
245 1 0 |a Slovensko-nemecký frazeologický slovník  |c Mária Čierna, Marta Juríková, Eva Ondrčková 
250 |a 1. vyd. 
264 1 |a Bratislava  |b Slovenské pedagogické nakladateľstvo  |c 1995 
300 |a 532 s. 
610 2 0 |a jazykoveda 
610 2 0 |a slovenčina 
610 2 0 |a nemčina 
100 1 |a Čierna, Mária 
700 1 |a Juríková, Marta 
700 1 |a Ondrčková, Eva